00430cam a22001457a 4500008004000000020001500040082001300055100001800068245008600086260002800172300001000200650003000210650002700240650001700267180718b2007 xxu||||| |||| 00| 0 eng d a1405152400 aC41 M279 aMohaney, Jack aChallenge of human rights: origin, development, and significancecby Jack Mohaney aMaldenbBlackwellc2007 a215p. aHuman rights --Philosophy aHuman rights --History aHuman rights